000 00611nam a22002172 4500
001 0000005298
005 20151217152001.0
008 070611s xx 000 0 eng d
020 _a0471661228 :
040 _aKABU
_cKABU
050 0 _aTS156
_b.M66 2005
100 1 _aMontgomery, Douglas C.
_@0000154826
245 1 0 _aIntroduction to statistical quality control.
250 _a5th ed.
260 _aDanivers, MA :
_bJohn Wiley,
_c2005.
300 _axvi, 759 p.
650 0 _aQuality control.
_@0000155182
908 _a070611
950 _@1
999 _c6983
_d6983